Name the Pop Girls by their songs (hard) - Statistics

General Stats
  • This quiz has been taken 23 times
  • The average score is 4 of 8
Answer Stats
Hint Answer % Correct
Out of the old, teenage dream, hope ur ok Olivia Rodrigo
73%
Fast times, Skin, Let me move you Sabrina Carpenter
73%
Invisible, Glitch, Robin Taylor Swift
68%
I miss you, Sorry, Suga mama Beyoncé
45%
Déjà vu, Spiritual, Not like the movies Katy Perry
45%
Teeth, Babylon, Killah Lady Gaga
41%
De una vez, Love on, Feel me Selena Gomez
36%
Permanent December, Unholy, Violet chemistry Miley Cyrus
18%
No matching quizzes found
Score Distribution
Percent of People with Each Score
Percentile by Number Answered
Your Score History
You have not taken this quiz